01139nam a2200193Ia 4500001001100000003001000011008004100021040002500062041001300087100002700100245004000127250001100167260009200178300001200270500026400282501011400546520026400660650002100924L282-28764IT-CnALBA170116s9999||||xx |||||||||||||| ||und|| aIT-CnALBAcIT-CnALBA aITALIANO aPOLETTI UGO, CARDINALE 0aCHIESA E SPORT. UN PERCORSO ETICO.  a1a ed. aCINISELLO BALSAMO (MI)bEDIZIONI PAOLINEc1991 [1° Ed.:1991 - Ed.Ling.Originale: 1991] a185 p.  aCURATORE MAZZA C. PREFAZIONE DI ORMEZZANO G.P. BOCCACCIO S. CARRARO F. VICO G. ANGELINI G. SPORT ED ELEVAZIONE MORALE. SPIRITUALITÀ NUOVO PER L'UOMO SPORTIVO. E SOCIETÀ. E VALORI UMANI. E SPETTACOLO. CULTURA. CALCIO E VIOLENZA. ASPETTI E PROSPETTIVE. A DI aSocietà San Paolo EM - Piazza San Paolo, 14 - 12051 ALBA (CN) (non commercial uses only) ® Copyright 2017 aCURATORE MAZZA C. PREFAZIONE DI ORMEZZANO G.P. BOCCACCIO S. CARRARO F. VICO G. ANGELINI G. SPORT ED ELEVAZIONE MORALE. SPIRITUALITÀ NUOVO PER L'UOMO SPORTIVO. E SOCIETÀ. E VALORI UMANI. E SPETTACOLO. CULTURA. CALCIO E VIOLENZA. ASPETTI E PROSPETTIVE. A DI aCHIESA CATTOLICA